000 00915cam a2200265 i 4500
003 SA-RiAUC
005 20250318113726.0
008 250317s1992 jo g b 001 0 ara c
040 _aAE-AiULD
_bara
_cSA-RiAUC
_erda
082 0 4 _a809.93
090 _a809.93
_bع ب ا
100 1 _aعباس، إحسان،
_d1920-2003
_eمؤلف.
245 1 0 _aفن السيرة /
_cإحسان عباس.
250 _aالطبعة السادسة.
264 1 _aعمان، الأردن :
_bدار الشروق،
_c1992
300 _a157 صفحة ؛
_c22 سم
336 _aنص
_btxt
_2rdacontent
_3كتاب
337 _aبدون وسيط
_bn
_2rdamedia
338 _aمجلد
_bnc
_2rdacarrier
500 _aكشاف : صفحة 151-156.
504 _aببليوجرافية : صفحة 141-150.
650 7 _aالتراجم (كشكل أدبي)
_2aucsh
942 _2ddc
_cBOOK
_n0
949 _aSA-JeALM
_d250317
_umohamedma123
_n1
999 _c6484
_d6484